000
00327nam a2200133Ia 4500
008
220216s9999 xx 000 0 und d
245
0
_a
Rubber growing - the modern way
260
_b
Rubber Developments
_c
1984
300
_a
77-82
650
_a
Hevea brasiliensis
650
_a
Tissue culture
650
_a
Yield
942
_c
JS
999
_c
67631
_d
67631